| 000 | 01085nam a22003017a 4500 | ||
|---|---|---|---|
| 003 | CHAP | ||
| 005 | 20220817044124.0 | ||
| 008 | 060907d2005 mx r 00110 spa d | ||
| 010 | _a92689 | ||
| 011 | _a93661 | ||
| 035 | _a104241 | ||
| 040 | _cCHAP | ||
| 110 | 2 |
_aUACH. _bDepartamento de Suelos |
|
| 245 | 1 | 0 |
_aReporte de viaje : _bprácticas de la ciencia del suelo 1 región centro - occidente de México 29 de mayo al 11 de junio de 2005 _c/por UACH. Departamento de Suelos |
| 260 |
_aChapingo, Méx. : _bUACH. Departamento de Suelos, _c2005. |
||
| 300 |
_a232 h. : _bilus. |
||
| 590 |
_aBATCH-UPD _b10 _c20130110 _lUCH01 _h1915 |
||
| 590 |
_aBATCH-UPD _b10 _c20130410 _lUCH01 _h1242 |
||
| 590 |
_aBATCH-UPD _b10 _c20130914 _lUCH01 _h1249 |
||
| 590 |
_aCONVERSION _b10 _c20130109 _lUCH01 _h1351 |
||
| 650 | 1 | 4 |
_aEcología agrícola. _935165 |
| 650 | 1 | 4 |
_aSuelos _xEcología. _9110343 |
| 650 | 1 | 4 |
_aViajes de estudio. _9119036 |
| 901 | _aBK | ||
| 905 | _aAlejandra Carrasco M. | ||
| 942 | _cLIBRO | ||
| 949 |
_a630.215 U3 _bBC _cLIBRO _d33724000992509 _eLIBRO _gDonaciØn _h107790 _i104241 _sb |
||
| 999 |
_c92689 _d92689 |
||